| 000 | 00731nam a2200229 a 4500 | ||
|---|---|---|---|
| 001 | BRCA_8358 | ||
| 005 | 20190320210240.0 | ||
| 008 | 230714s1928----sp-a###f##---#001-0#spa-# | ||
| 041 | _aspa | ||
| 044 | _asp | ||
| 050 | 4 |
_aNE702.G6 _b.V4 1928 |
|
| 100 | 1 |
_aVelasco y Aguirre, Miguel _920932 |
|
| 245 | 1 | 0 |
_aGrabados y litografías de Goya _cnotas histórico-artísticas por Miguel Velasco y Aguirre. |
| 260 |
_aMadrid _bEspasa-Calpe _c1928 |
||
| 300 |
_a16 p. _bil. (algunas a color), 288 láminas _c38 cm. |
||
| 500 | _aR96 | ||
| 600 | 1 | 4 |
_aGoya y Lucientes, Francisco José de _d1746-1828 _vGrabador _920933 |
| 650 | 1 | 4 |
_aGrabados españoles _97986 |
| 650 | 1 | 4 |
_aLitografías españolas _920934 |
| 902 | _aGFM | ||
| 942 |
_2lcc _cB |
||
| 999 |
_c8026 _d8026 |
||